|
|
|
|
| LEADER |
00000nab a2200000 a 4500 |
| 001 |
vtls000411832 |
| 003 |
SK-MaSNL |
| 005 |
20260303191118.0 |
| 008 |
120925c1989 xo 0 cze |
| 015 |
|
|
|a SNBRA19rr/mm-uuuuu
|
| 035 |
|
|
|a CL0411957
|
| 040 |
|
|
|a SNKBUCL
|b slo
|c SNKBUCL
|e AACR2
|
| 041 |
0 |
|
|a slo
|
| 044 |
|
|
|a xo
|c SK
|
| 080 |
|
|
|a 371.38:159.953.3
|2 1981
|
| 080 |
|
|
|a 159.953.3
|2 1981
|
| 080 |
|
|
|a 37.03
|2 1981
|
| 100 |
1 |
|
|a Boučková, Věra
|4 aut
|9 376450
|
| 245 |
1 |
0 |
|a Vytváření a rozvíjení prostorové představivosti a vidění v technických pracích v 5.-7. roč. ZŠ
|c Věra Boučková, Radomír Hnilica
|
| 650 |
0 |
7 |
|a technická výchova
|2 snkbucl
|9 3563
|
| 650 |
0 |
7 |
|a predstavivosť priestorová
|2 snkbucl
|9 971782
|
| 650 |
0 |
7 |
|a školy základné
|2 snkbucl
|9 390867
|
| 655 |
|
7 |
|a články zo zborníkov
|2 snkbucl
|9 166140
|
| 700 |
1 |
|
|a Hnilica, Radomír
|4 aut
|9 1220218
|
| 773 |
0 |
|
|t Pracovná výchova a polytechnické vzdelávanie
|d Žilina : Dom techniky ČSVTS, 1989
|
| 850 |
|
|
|a Slovenská národná knižnica v Martine
|a MTA001
|
| 852 |
|
|
|a SNK
|b KIS3GCP
|
| 958 |
|
|
|a RK
|
| 992 |
|
|
|a RZB
|
| 999 |
|
|
|c 2139447
|d 2141377
|